Britische Premierminister*innen seit 1920 - Statistiken

Allgemein
  • Dieses Quiz wurde 133 mal gespielt
  • Das Durchschnittsergebnis liegt bei 10 aus 27
Antwortstatistiken
Hint Antwort % Korrekt
1951-1955 Sir Winston Churchill
91%
1940-1945 Winston Churchill
91%
2019-2022 Boris Johnson
88%
1979-1990 Margaret Thatcher
82%
2016-2019 Theresa May
79%
2010-2016 David Cameron
69%
1997-2007 Tony Blair
69%
2022- Rishi Sunak
65%
2022-2022 Liz Truss
54%
2007-2010 Gordon Brown
53%
1937-1940 Neville Chamberlain
44%
1990-1997 John Major
38%
1964-1970 Harold Wilson
22%
1974-1976 Harold Wilson
22%
1955-1957 Anthony Eden
20%
1945-1951 Clement Attlee
20%
1970-1974 Edward Heath
12%
1923-1924 Stanley Baldwin
11%
1924-1929 Stanley Baldwin
11%
1935-1937 Stanley Baldwin
11%
1963-1964 Sir Alec Douglas-Home
10%
1957-1963 Harold Macmillan
8%
1916-1922 David Lloyd George
7%
1976-1979 James Callaghan
7%
1924-1924 Ramsay MacDonald
7%
1929-1935 Ramsay MacDonald
7%
1922-1923 Andrew Bonar Law
3%
Keine übereinstimmenden Quizze gefunden
Verteilung der Resultate
Anzahl Personen mit jedem Resultat
Perzentil nach korrekt beantworteten Fragen
Ihre Resultats-Entwicklung
Sie haben dieses Quiz noch nicht gespielt